La proprietà transitiva /
Enregistré dans:
| Auteur principal: | |
|---|---|
| Autres auteurs: | |
| Format: | Livre |
| Langue: | italien |
| Publié: |
Santa Maria Capua Vetere (CE) :
Spartaco,
2015
|
| Collection: | Dissensi ;
42 |
| Tags: |
Pas de tags, Soyez le premier à ajouter un tag!
|
MARC
| LEADER | 00000nam a22000007i 4500 | ||
|---|---|---|---|
| 001 | IT\ICCU\LUA\0531045 | ||
| 003 | ItRI | ||
| 005 | 20240417203847.0 | ||
| 008 | 160525s2015 it |||||| ||||| |||||c | ||
| 020 | |a 9788896350492 | ||
| 040 | |b ita |c GP | ||
| 041 | 7 | |a ita |2 ISO-639-2 | |
| 100 | 1 | |a Ligotti, Giuseppe Elio |0 IT\ICCU\SBLV\163488 | |
| 245 | 1 | 3 | |a La proprietà transitiva / |c Nelson Martinico, Federico Ligotti. |
| 260 | |a Santa Maria Capua Vetere (CE) : |b Spartaco, |c 2015 | ||
| 300 | |a 232 p. ; |c 20 cm | ||
| 700 | 1 | |a Ligotti, Federico |0 IT\ICCU\BA1V\008427 | |
| 830 | 0 | |a Dissensi ; |v 42 |0 IT\ICCU\LO1\1015668 | |
| 942 | |2 ddc |c BK | ||
| 952 | |0 0 |1 0 |2 ddc |4 0 |6 853_920000000000000_MAR |7 1 |9 1262 |a RM |b RM |d 2024-04-17 |l 0 |o 853 92 MAR |p 852 |r 2024-04-17 20:39:07 |w 2024-04-17 |y BK | ||
| 981 | 1 | |6 z01 |a i |b xxxe | |
| 982 | 1 | |6 z01 |a n | |
| 999 | |c 1163 |d 1163 | ||